000 00651nam a2200193Ia 4500
003 GCL
008 140319s9999 xx 000 0 ara d
040 _aGCL /
_cGCL
082 0 4 _a953.032
_bج ث
100 1 _aحكمت عبد الكريم فرحات
245 1 0 _aالثورة العربية الكبرى: قضايا العرب المعاصرة /
_cحكمت عبد الكريم فرحات
260 _a[S.N] :
_bمكتبة دار الثقافة ،
_c1990
300 _a27 ص
490 _a
650 0 4 _aالتاريخ الاسلامى
650 0 4 _aالحضارة الاسلامية
650 0 4 _aالحسين بن على
942 _2ddc
_cBK
999 _c34981
_d34981